Count to 10: Romance Languages - Statistics

General Stats
  • This quiz has been taken 149 times
  • The average score is 35 of 50
Answer Stats
Language # Answer % Correct
French 1 un
100%
Italian 3 tre
99%
Spanish 3 tres
99%
Portuguese 3 três
99%
Spanish 1 uno
99%
Italian 1 uno
99%
Spanish 2 dos
98%
Italian 6 sei
93%
Italian 4 quattro
90%
Spanish 5 cinco
88%
Portuguese 5 cinco
88%
Spanish 6 seis
87%
Portuguese 6 seis
87%
Spanish 8 ocho
86%
French 5 cinq
85%
Spanish 4 cuatro
85%
French 2 deux
85%
Portuguese 4 quatro
84%
Spanish 9 nueve
81%
Spanish 10 diez
80%
French 4 quatre
78%
French 7 sept
78%
Spanish 7 siete
78%
French 3 trois
78%
French 10 dix
77%
French 9 neuf
73%
Italian 7 sette
72%
French 8 huit
71%
Portuguese 9 nove
71%
Italian 9 nove
71%
French 6 six
71%
Italian 2 due
67%
Italian 5 cinque
65%
Italian 8 otto
65%
Portuguese 1 um
64%
Romanian 2 doi
60%
Portuguese 7 sete
55%
Italian 10 dieci
53%
Portuguese 2 dois
52%
Portuguese 10 dez
48%
Portuguese 8 oito
43%
Romanian 1 unu
38%
Romanian 3 trei
33%
Romanian 5 cinci
29%
Romanian 4 patru
29%
Romanian 8 opt
27%
Romanian 7 şapte
26%
Romanian 10 zece
24%
Romanian 9 nouă
22%
Romanian 6 şase
22%
No matching quizzes found
Score Distribution
Percent of People with Each Score
Percentile by Number Answered
Your Score History
You have not taken this quiz